Największe Europejskie miasta na literę M - Quiz na mapie - Statystyki

Ogólne statystyki
  • Ten quiz został rozwiązany 79 razy
  • Średni wynik to 13 z 25
Odpowiedzi na mapie
Odpowiedzi zakodowano w zielono-czerwonej skali na mapie do tego quizu, zgodnie z poniższymi procentami.
 
Statystyki odpowiedzi
Państwo Odpowiedź Liczba L. % Poprawnych
Hiszpania Madryt 3.266.100
97%
Białoruś Mińsk 2.020.600
96%
Rosja Moskwa 12.432.500
96%
Wielka Brytania Manchester 557.300
91%
Włochy Mediolan 1.378.700
91%
Niemcy Monachium 1.471.500
91%
Francja Marsylia 863.300
84%
Szwecja Malmö 321.800
78%
Hiszpania Málaga 574.700
74%
Ukraina Mariupol 440.400
52%
Rosja Murmańsk 292.500
51%
Hiszpania Murcja 453.300
41%
Ukraina Mikołajów 483.200
39%
Francja Montpellier 285.100
39%
Niemcy Magdeburg 238.700
38%
Niemcy Mannheim 309.400
36%
Włochy Modena 186.300
33%
Białoruś Mohylew 357.100
33%
Włochy Mesyna 232.600
30%
Niemcy Moguncja 217.100
30%
Niemcy Münster 314.300
30%
Niemcy Mönchengladbach 261.500
22%
Ukraina Makiejewka 343.200
7%
Hiszpania Móstoles 209.200
3%
Rosja Mytiszcze 222.700
0%
Nie znaleziono quizów pasujących do podanych kryteriów
Rozkład punktacji
Procent ludzi z każdym wynikiem
Percentyl według liczby udzielonych odpowiedzi
Twoja historia wyników
Nie rozwiązałeś tego quizu